| 000 | 00844nas a2200265 4500 | ||
|---|---|---|---|
| 001 | BR9700109 | ||
| 003 | BR-BrBNA | ||
| 005 | 20231205095942.0 | ||
| 007 | ta | ||
| 008 | 230509b bl.|||p| |||| 00| 00por d | ||
| 040 |
_aBR-BrBNA _bpor _cBiblioteca Nacional de Agricultura |
||
| 041 | _a(Pt) | ||
| 072 | _aF02 | ||
| 100 | 1 | _aTorres, A.C. | |
| 100 | 1 | _aTeixeira, D.M.C. | |
| 100 | 1 | _aMoita, A.W. | |
| 100 | 1 | _aCampos, M. de A. | |
| 245 | 1 | _aRecuperacao de plantas de batata-doce livres de virus a partir da regeneracao direta de apices caulinares | |
| 650 | _aBatata Doce | ||
| 650 | _aMicropropagacao | ||
| 650 | _aCultura de Meristema | ||
| 773 | 0 |
_tRevista Brasileira de Fisiologia Vegetal (Brazil) _xISSN 0103-3131 _g(Dec 1996), v. 8(3) p. 209-213 _wBR9700109 |
|
| 909 |
_a202311 _bLúcia _c55 _dLúcia Elande |
||
| 942 |
_2AGRIS _n0 _cANA |
||
| 999 |
_c153634 _d153634 |
||